La palabra quebrada: ensayo sobre el ensayo.
Enregistré dans:
| Auteur principal: | |
|---|---|
| Format: | Livre |
| Langue: | espagnol |
| Publié: |
Valparaíso, Chile:
Ediciones Universitarias de Valparaíso,
1982.
|
| Sujets: | |
| Tags: |
Ajouter un tag
Pas de tags, Soyez le premier à ajouter un tag!
|
MARC
| LEADER | 00000nam a2200000 a 4500 | ||
|---|---|---|---|
| 001 | UCW6860 | ||
| 003 | CL-VaPUC | ||
| 005 | 20240923090651.0 | ||
| 008 | 920615e19820000CL |||||||||||||||||spa|d | ||
| 999 | |c 219780 |d 219778 | ||
| 040 | |c Pontificia Universidad Católica de Valparaíso | ||
| 082 | 0 | 4 | |a Ch864 CER 1982 |b |2 21 |
| 100 | |a Cerda Contreras, Martín |e autor |9 891514 | ||
| 245 | 1 | 3 | |a La palabra quebrada: |b ensayo sobre el ensayo. |
| 260 | |a Valparaíso, Chile: |b Ediciones Universitarias de Valparaíso, |c 1982. | ||
| 300 | |a 138 páginas. | ||
| 583 | |a last modification |c 19920615 00:00:00 |k Rodrigo Vera | ||
| 650 | 0 | |a Ensayos chilenos |9 269132 | |
| 650 | 0 | |a Géneros literarios |9 311945 | |
| 942 | |c BK |2 ddc | ||
| 945 | |d 19920615 00:00:00 | ||
| 952 | |0 0 |1 0 |4 0 |6 CH_864_000000000000000_CER_1982 |7 0 |8 A |9 211108 |a BIBEDU |b BIBEDU |d 2019-11-15 |i 2793555 |l 1 |o Ch864 CER 1982 |p 2793555 |r 2023-05-10 |s 2023-05-03 |w 2019-11-15 |y BK |k EDU | ||
| 952 | |0 0 |1 0 |4 0 |6 CH_864_000000000000000_CER_1982 |7 0 |8 X |9 211109 |a FDOBUD |b FDOBUD |d 2019-11-15 |i 1024523 |o Ch864 CER 1982 |p 1024523 |r 2019-11-15 |w 2019-11-15 |y BK_X |k BUD | ||
| 952 | |0 0 |1 0 |2 ddc |4 0 |6 CH_864_000000000000000_CER_1982 |7 0 |8 A |9 596886 |a BIBGIM |b BIBGIM |d 2024-09-23 |i 5662796 |o Ch864 CER 1982 |p 5662796 |r 2025-01-15 |t 2 |w 2024-09-23 |y BK |k ELE | ||